000
00308nam a22001337a 4500
008
170607b xxu||||| |||| 00| 0 eng d
020
_a
0312179340
041
_a
eng
080
_a
328
100
_a
18
101
_a
SHP
245
_a
CURRENT ISSUES IN PUBLIC ADMINISTRATION
_c
LANE.F.S
942
_2
udc
_c
BK
999
_c
16339
_d
16339